000 00292nam a22001337a 4500
008 170620b xxu||||| |||| 00| 0 eng d
020 _a9780070578142
041 _aeng
080 _22ND
_a94
100 _a16
101 _aSHH
245 _aWORLD CIVILIZATIONS
_cSHERMAN,D
942 _2udc
_cBK
999 _c18256
_d18256